| 000 | 00500nam a2200229Ia 4500 | ||
|---|---|---|---|
| 003 | IT-RoPAU | ||
| 008 | 120407s9999 xx 000 0 und d | ||
| 040 | _aIT-RoPAU | ||
| 040 | _cIT-RoPAU | ||
| 041 | _aita | ||
| 100 | _aAndré Alsteens | ||
| 245 | _aLa masturbazione nel ragazzo. | ||
| 250 | _aFrancavilla a Mare | ||
| 260 | _aEdizioni Paoline | ||
| 260 | _c1968 | ||
| 300 | _a280 p. | ||
| 300 | _c19 cm | ||
| 490 | _aAmore e sesso, 1 | ||
| 490 | _v1 | ||
| 942 | _cBK | ||
| 999 |
_c31300 _d31300 |
||